| 000 | 00565nam a22001817a 4500 | ||
|---|---|---|---|
| 999 |
_c8888 _d8888 |
||
| 008 | 210302b ||||| |||| 00| 0 eng d | ||
| 040 | _aBMS College of Architecture | ||
| 100 | _aA. Swaroop | ||
| 245 | _aInstitute for microbiological research | ||
| 300 | _aNA | ||
| 500 | _a1BM10AT068 | ||
| 502 |
_8B.Arch _NBMS College of Architecture, Visvesvaraya Technological University (VTU) _aProject Report _d2014 |
||
| 650 | _aInstitute | ||
| 700 |
_aBhaghyalaxmi M _eGuide |
||
| 700 |
_aDakshayini R, Patil _eGuide |
||
| 700 |
_aShantahala V _eGuide |
||
| 942 |
_2ddc _cTHE |
||